[Event "Walsrode Chessemy op-A"]
[Site "Walsrode"]
[Date "2023.03.09"]
[Round "6"]
[White "Steuer, Christopher"]
[Black "Borkhardt, Arndt"]
[Result "0-1"]
[WhiteElo "1737"]
[BlackElo "1938"]
[PlyCount "68"]
[EventDate "2023.03.04"]
[EventType "swiss"]
[EventRounds "9"]
[EventCountry "GER"]
[SourceTitle "CBM 213 Extra"]
[Source "ChessBase"]
[SourceDate "2023.05.31"]
[SourceVersion "1"]
[SourceVersionDate "2023.05.31"]
[SourceQuality "1"]

1. e4 e5 2. Nf3 Nc6 3. Bb5 a6 4. Ba4 Nf6 5. 0-0 Nxe4 6. d4 Be7 7. Bxc6 dxc6 8. Nxe5 0-0 9. Re1 Nf6 10. c4 c5 11. d5 Bd6 12. Nc3 Re8 13. Bf4 Rb8 14. a4 Bf5 15. h3 Nd7 16. Nxd7 Qxd7 17. Qf3 Bg6 18. Bxd6 cxd6 19. Rxe8+ Rxe8 20. Rc1 Qf5 21. Qxf5 Bxf5 22. f3 Bd3 23. b3 f5 24. Nd1 Re1+ 25. Kf2 Re2+ 26. Kg1 f4 27. Nf2 Bf5 28. Rc3 Re1+ 29. Kh2 Re3 30. Nd1 Re2 31. a5 Ra2 32. b4 cxb4 33. Rb3 Bc2 34. Rb2 b3 0-1